[Event "ICS rated blitz match"]
[Site "204.178.125.65"]
[Date "2001.01.25"]
[Round "?"]
[White "Hossa"]
[Black "monsoon"]
[Result "1-0"]
[WhiteElo "2501"]
[BlackElo "2443"]
[PlyCount "125"]
[EventDate "2001.??.??"]

1. e4 c5 2. c3 d5 3. exd5 Qxd5 4. d4 e6 5. Nf3 Nf6 6. Bd3 Be7 7. O-O O-O 8. Qe2
Nc6 9. dxc5 Bxc5 10. Rd1 Qh5 11. h3 Bd7 12. b4 Bb6 13. Bg5 Nd5 14. b5 Nb8 15.
c4 Nc7 16. Be7 Re8 17. Bd6 Rd8 18. Nbd2 a6 19. Nb3 Be8 20. c5 Nd5 21. Be5 f6
22. Bxb8 Raxb8 23. cxb6 Nf4 24. Qe3 Nxd3 25. Rxd3 Rxd3 26. Qxd3 Bxb5 27. Qd6
Qe8 28. Nc5 e5 29. Qe6+ Qxe6 30. Nxe6 Rc8 31. Nc7 Bc6 32. Nd2 Rd8 33. Nc4 Bb5
34. Na5 Rd6 35. Rb1 Bc6 36. Nxc6 Rxc6 37. Nxa6 e4 38. Rb2 f5 39. Nc7 f4 40. Nd5
Rc1+ 41. Kh2 f3 42. gxf3 exf3 43. Kg3 Rd1 44. Nc7 Rd3 45. Ne6 Rd5 46. Rb3 Re5
47. Nd8 Re7 48. Re3 Kf8 49. Rxe7 Kxe7 50. Nxb7 g6 51. a4 h6 52. a5 Kd7 53. Nc5+
Ke7 54. a6 Kd6 55. b7 Kc7 56. a7 Kd6 57. Ne4+ Kd5 58. Kxf3 Ke6 59. b8=Q g5 60.
a8=Q g4+ 61. hxg4 Kf7 62. Qc7+ Ke6 63. Qac6# {monsoon checkmated} 1-0

[Event "ICS rated blitz match"]
[Site "204.178.125.65"]
[Date "2001.01.25"]
[Round "?"]
[White "monsoon"]
[Black "Hossa"]
[Result "1-0"]
[WhiteElo "2430"]
[BlackElo "2514"]
[PlyCount "179"]
[EventDate "2001.??.??"]

1. e4 c5 2. Nc3 Nc6 3. Nf3 e5 4. Bc4 Be7 5. d3 d6 6. Nd2 Nf6 7. Nf1 O-O 8. Ne3
Na5 9. O-O Nxc4 10. Nxc4 Rb8 11. Bg5 Be6 12. Qf3 Bg4 13. Qg3 Be6 14. Qh4 b5 15.
Ne3 b4 16. Ne2 h6 17. Bxf6 Bxf6 18. Qh5 g6 19. Qf3 Bh4 20. Rfb1 Qf6 21. Qxf6
Bxf6 22. c4 Bg5 23. Nc2 f5 24. b3 fxe4 25. dxe4 a5 26. f3 Bd7 27. Rd1 Rf6 28.
Rd3 a4 29. Rad1 Rb6 30. Ne3 Ra6 31. Kh1 axb3 32. axb3 Ra2 33. Nd5 Rf7 34. Ng1
Be6 35. Ne3 Re7 36. Nf1 Rb2 37. Ng3 Kg7 38. Ra1 Kf6 39. Ra8 Rb1 40. Rd8 Ra7 41.
h3 Ra2 42. R3xd6 Kg7 43. Rd1 Rxb3 44. Rb8 Ra7 45. Re8 Ra6 46. Rb8 Bxc4 47. Rd7+
Bf7 48. Rbb7 Rf6 49. Rd5 Be3 50. N3e2 c4 51. Rxe5 Rb1 52. Ree7 Kf8 53. e5 Rf5
54. e6 Be8 55. Rh7 Rxg1+ 56. Nxg1 Bd4 57. Rxb4 Kg8 58. Re7 Kf8 59. Rc7 Bb5 60.
Ne2 Bg7 61. Rc8+ Ke7 62. Rb8 Bc6 63. Rg8 Bf6 64. Rxc4 Bd5 65. Rc7+ Kd6 66. Ra7
g5 67. Rg6 h5 68. Ng3 Kxe6 69. Rh6 Bc4 70. Nxf5 Kxf5 71. Ra5+ Ke6 72. Rxg5 Bd3
73. Rc5 Kf7 74. Rc7+ Be7 75. Rxh5 Kf6 76. f4 Bf8 77. g4 Be4+ 78. Kh2 Bd3 79.
Re5 Bb4 80. g5+ Kg6 81. Rc6+ Kf7 82. Rd5 Be2 83. g6+ Kf8 84. Rd7 Ke8 85. Rb7
Be7 86. Rc8+ Bd8 87. g7 Bc4 88. Rxc4 Be7 89. g8=Q+ Bf8 90. Rc8# {
Hossa checkmated} 1-0

[Event "ICS rated blitz match"]
[Site "204.178.125.65"]
[Date "2001.01.25"]
[Round "?"]
[White "Hossa"]
[Black "SluMan"]
[Result "1-0"]
[WhiteElo "2494"]
[BlackElo "2114"]
[PlyCount "41"]
[EventDate "2001.??.??"]

1. e4 c5 2. Nc3 g6 3. f4 Bg7 4. Nf3 e6 5. Bc4 d6 6. d4 cxd4 7. Nxd4 Nc6 8. Ndb5
Bf8 9. O-O a6 10. Nd4 Nge7 11. Be3 Bg7 12. Qd2 O-O 13. Nxc6 Nxc6 14. Rad1 b5
15. Qxd6 Qxd6 16. Rxd6 Bb7 17. Rd7 Rab8 18. Be2 Bxc3 19. bxc3 Ba8 20. c4 Nb4
21. Bc5 {SluMan resigns} 1-0

[Event "ICS rated blitz match"]
[Site "204.178.125.65"]
[Date "2001.01.25"]
[Round "?"]
[White "Valg"]
[Black "Hossa"]
[Result "1-0"]
[WhiteElo "2769"]
[BlackElo "2497"]
[PlyCount "129"]
[EventDate "2001.??.??"]

1. d4 c6 2. c4 d5 3. Nf3 Nf6 4. Nc3 e6 5. e3 Nbd7 6. Bd3 dxc4 7. Bxc4 Bd6 8.
O-O O-O 9. e4 e5 10. Bg5 Qc7 11. d5 Nb6 12. Bb3 Qe7 13. dxc6 bxc6 14. Nh4 Bb4
15. Qf3 Rb8 16. Rad1 Bd7 17. Rd3 Rfd8 18. Rfd1 Bxc3 19. Rxc3 a5 20. Qh5 Nxh5
21. Bxe7 Re8 22. Bd6 Rb7 23. Nf3 Nf4 24. Nxe5 Ne2+ 25. Kf1 Nxc3 26. Bxf7+ Kh8
27. bxc3 Ra8 28. Rd4 Bc8 29. Ba3 g6 30. Be8 Rba7 31. Bxc6 Ba6+ 32. Ke1 Bb7 33.
Bb5 Ba6 34. c4 Bxb5 35. cxb5 Rc7 36. Nc6 Rb7 37. Bb2 Kg8 38. a4 Rd7 39. Rxd7
Nxd7 40. Bd4 Kf7 41. Ke2 Ke6 42. f4 Rf8 43. Ke3 Ra8 44. g4 Kf7 45. f5 Kg8 46.
e5 Nb8 47. Ne7+ Kf8 48. Nd5 Nd7 49. e6 Re8 50. Kf4 gxf5 51. exd7 Rd8 52. Nf6
Ke7 53. Kxf5 Rxd7 54. Bc5+ Kd8 55. Nxd7 Kxd7 56. h4 Ke8 57. g5 Kd7 58. h5 Ke8
59. g6 hxg6+ 60. hxg6 Kd7 61. g7 Kc7 62. Ke6 Kc8 63. g8=Q+ Kb7 64. b6 Kc6 65.
Qc8# {Hossa checkmated} 1-0

[Event "ICS Rated bullet match"]
[Site "204.178.125.65"]
[Date "2001.01.25"]
[Round "?"]
[White "lambChop"]
[Black "Hossa"]
[Result "0-1"]
[WhiteElo "2348"]
[BlackElo "2497"]
[PlyCount "75"]
[EventDate "2001.??.??"]

1. d4 Nf6 2. c4 e6 3. Nc3 Bb4 4. Qc2 O-O 5. Nf3 b6 6. Bf4 Bb7 7. e3 d5 8. O-O-O
Bxc3 9. Qxc3 c5 10. dxc5 Ne4 11. Qc2 bxc5 12. cxd5 exd5 13. Ne5 Qa5 14. f3 Nf6
15. a4 Nc6 16. Bb5 Nb4 17. Qf5 a6 18. Bd7 Nxd7 19. Nxd7 Bc8 20. Rxd5 Qxa4 21.
Rd6 Bxd7 22. Qb1 c4 23. Kd2 Nd3 24. Rxd3 cxd3 25. Qxd3 Bb5 26. Qa3 Rfd8+ 27.
Bd6 Qxa3 28. bxa3 Rxd6+ 29. Ke1 Rad8 30. Kf2 Rd1 31. Rxd1 Rxd1 32. g4 Rd3 33.
f4 Rxa3 34. h4 Bc6 35. Ke2 Ra2+ 36. Kd3 Rh2 37. g5 Bb5+ 38. Kd4 {
lambChop resigns} 0-1

[Event "ICS Rated blitz match"]
[Site "204.178.125.65"]
[Date "2001.01.25"]
[Round "?"]
[White "Hossa"]
[Black "PostModernist"]
[Result "0-1"]
[WhiteElo "2491"]
[BlackElo "2624"]
[PlyCount "104"]
[EventDate "2001.??.??"]

1. d4 d5 2. c4 c6 3. Nf3 e6 4. Qb3 Nf6 5. e3 Bd6 6. Nc3 O-O 7. c5 Bc7 8. Be2 b6
9. cxb6 axb6 10. Bd2 Ba6 11. Qc2 Bxe2 12. Nxe2 Qd6 13. Ne5 c5 14. O-O Nbd7 15.
Nf3 Rfc8 16. Nc3 cxd4 17. exd4 Ne4 18. Rfc1 Nxc3 19. Bxc3 Nf6 20. Ne5 Ne4 21.
Qb3 Qe7 22. Bb4 Qh4 23. g3 Qf6 24. f3 Ng5 25. f4 Ne4 26. Nc6 Re8 27. Qd1 Kh8
28. Qh5 g6 29. Qh6 b5 30. a3 Bb6 31. Bc3 Rec8 32. Ne5 Nxc3 33. bxc3 Rxc3 34.
Rd1 Kg8 35. Rab1 Qf5 36. Rb2 Rc2 37. g4 Qe4 38. Rxc2 Qxc2 39. Re1 Bxd4+ 40. Kh1
Qf2 41. Rc1 Qe3 42. Rf1 Bxe5 43. Kg2 Rxa3 44. Qh4 Qe4+ 45. Kg1 Bd4+ 46. Qf2
Bxf2+ 47. Rxf2 Ra1+ 48. Rf1 Qe3+ 49. Kg2 Ra2+ 50. Kh1 Qe4+ 51. Rf3 Qb1+ 52. Rf1
Qxf1# {Hossa checkmated} 0-1

[Event "ICS rated blitz match"]
[Site "204.178.125.65"]
[Date "2001.01.25"]
[Round "?"]
[White "ChesterX"]
[Black "Hossa"]
[Result "1-0"]
[WhiteElo "2674"]
[BlackElo "2481"]
[PlyCount "113"]
[EventDate "2001.??.??"]

1. e4 e6 2. d3 d5 3. Nd2 b6 4. g3 Nc6 5. Ne2 Nf6 6. Bg2 Be7 7. O-O O-O 8. b3
Ba6 9. c4 dxc4 10. Nxc4 b5 11. Ne3 e5 12. Bb2 b4 13. Rc1 Qd7 14. Nd5 Rfe8 15.
Qc2 Bb5 16. f4 Bd8 17. Qd1 Rb8 18. Rc5 Be7 19. Nxe7+ Qxe7 20. Qc1 Qd6 21. Rf2
Qxd3 22. fxe5 Ng4 23. Nf4 Nxf2 24. Rd5 Nh3+ 25. Bxh3 Qf3 26. Bd7 Re7 27. Bxc6
Bxc6 28. Qxc6 Qe3+ 29. Kg2 Qxe4+ 30. Kf2 Qb1 31. Nd3 Qxa2 32. Qc2 Qa6 33. Qc5
Ree8 34. Nxb4 Qe6 35. Bc3 Qf5+ 36. Ke3 Qb1 37. Qc4 Qg1+ 38. Kf3 Qh1+ 39. Kg4
Qxh2 40. Nc6 h5+ 41. Kf3 Qh1+ 42. Kf4 Rb7 43. Rd7 Re6 44. Nd8 Qc1+ 45. Kf3 Qh1+
46. Ke3 Qc1+ 47. Kf2 Qc2+ 48. Bd2 Qxb3 49. Qf4 Reb6 50. e6 f5 51. Qxf5 Qxg3+
52. Kxg3 Rb3+ 53. Kf2 Rg3 54. Nxb7 Rg2+ 55. Kxg2 g6 56. Qf7+ Kh8 57. Rd8# {
Hossa checkmated} 1-0

[Event "ICS rated blitz match"]
[Site "204.178.125.65"]
[Date "2001.01.25"]
[Round "?"]
[White "PostModernist"]
[Black "Hossa"]
[Result "1-0"]
[WhiteElo "2634"]
[BlackElo "2473"]
[PlyCount "189"]
[EventDate "2001.??.??"]

1. e4 e6 2. d4 d5 3. Nc3 Nf6 4. Bg5 Bb4 5. e5 h6 6. Bc1 Ne4 7. Qg4 g5 8. Bd2
Nxd2 9. Kxd2 h5 10. Qg3 Nd7 11. Nh3 c5 12. a3 Ba5 13. b4 cxd4 14. Nb5 Bc7 15.
Nd6+ Bxd6 16. exd6 g4 17. Ng1 Qf6 18. f4 d3 19. c3 a5 20. Rb1 axb4 21. Rxb4
Rxa3 22. Qxd3 Ra6 23. Qe3 Rxd6 24. Bb5 Rg8 25. g3 Qd8 26. Qe5 Ra6 27. Rb2 Ra1
28. Qxh5 Qe7 29. Qh7 Qf8 30. Qc2 Qc5 31. Rb1 Qa3 32. Rxa1 Qxa1 33. Qb3 f5 34.
Bd3 Rh8 35. h4 gxh3 36. Rxh3 Rxh3 37. Nxh3 Qa7 38. Qb5 d4 39. Qc4 dxc3+ 40.
Qxc3 Qc5 41. Qh8+ Qf8 42. Qd4 Qf6 43. Qb4 Nb8 44. Ng5 Nc6 45. Qc4 Qb2+ 46. Kd1
Qa1+ 47. Kd2 Qa5+ 48. Qc3 Qa2+ 49. Kc1 Qh2 50. Bc4 Qg1+ 51. Kd2 Qf2+ 52. Kc1
Qc5 53. Kd2 Qd6+ 54. Ke2 e5 55. Nf7 Nd4+ 56. Kd2 Nf3+ 57. Ke3 Qd4+ 58. Qxd4
Nxd4 59. Nd6+ Kd8 60. fxe5 Nc6 61. Kf4 Nd4 62. Bd3 Kc7 63. Nxc8 Kxc8 64. Kg5 b5
65. Kf6 Kd8 66. e6 Nc6 67. Bxb5 Ne7 68. Kf7 Nc8 69. Ba6 Ne7 70. Bb7 f4 71. gxf4
Nf5 72. Be4 Nd6+ 73. Kf8 Nxe4 74. e7+ Kc7 75. e8=Q Nd6 76. f5 Kb6 77. Qd8+ Kc6
78. Qxd6+ Kxd6 79. f6 Ke6 80. f7 Kf6 81. Ke8 Kf5 82. Ke7 Kf4 83. Kf6 Ke4 84.
Ke6 Kd4 85. Kf6 Ke4 86. Kg6 Kd5 87. Kf5 Kc5 88. Ke4 Kd6 89. f8=Q+ Kc6 90. Qb4
Kd7 91. Kd5 Kc7 92. Qa5+ Kd7 93. Qa7+ Ke8 94. Ke6 Kf8 95. Qf7# {
Hossa checkmated} 1-0

[Event "ICS rated blitz match"]
[Site "204.178.125.65"]
[Date "2001.01.25"]
[Round "?"]
[White "Hossa"]
[Black "fonypony"]
[Result "1-0"]
[WhiteElo "2487"]
[BlackElo "2037"]
[PlyCount "95"]
[EventDate "2001.??.??"]

1. d4 Nf6 2. c4 g6 3. Nc3 d5 4. cxd5 Nxd5 5. e4 Nxc3 6. bxc3 Bg7 7. Bb5+ Bd7 8.
Qb3 c6 9. Bc4 O-O 10. Qxb7 Qb6 11. Qxb6 axb6 12. Ne2 b5 13. Bb3 Na6 14. O-O c5
15. Bg5 c4 16. Bc2 f6 17. Be3 Bg4 18. f3 Bd7 19. Rab1 Nc7 20. Rb2 f5 21. Bg5
Rfe8 22. d5 h6 23. Bf4 e5 24. Be3 Reb8 25. Rd1 f4 26. Bc5 Na6 27. Be7 Re8 28.
Ba3 Bf8 29. Bxf8 Kxf8 30. g3 Nc5 31. gxf4 exf4 32. Nxf4 Na4 33. Bxa4 Rxa4 34.
Nxg6+ Kf7 35. Nf4 Ra3 36. Ne2 Rg8+ 37. Kf2 Bh3 38. Rxb5 Rxa2 39. Rb7+ Kf6 40.
Rb6+ Ke7 41. Ke3 Rg2 42. Nf4 Rgc2 43. Nxh3 Rxc3+ 44. Kf4 Rxh2 45. Rxh6 Rcc2 46.
Rh7+ Kd8 47. Ra1 c3 48. Ra8# {fonypony checkmated} 1-0

[Event "ICS rated blitz match"]
[Site "204.178.125.65"]
[Date "2001.01.25"]
[Round "?"]
[White "Hossa"]
[Black "chesskeats"]
[Result "1-0"]
[WhiteElo "2489"]
[BlackElo "1973"]
[PlyCount "37"]
[EventDate "2001.??.??"]

1. d4 Nf6 2. Bg5 e6 3. e4 c5 4. e5 h6 5. Bh4 g5 6. Bg3 Ne4 7. d5 Nxg3 8. hxg3
exd5 9. Qxd5 Nc6 10. Nc3 Qa5 11. Bc4 Rh7 12. O-O-O a6 13. Qe4 b5 14. Bd5 b4 15.
Qxh7 bxc3 16. Qxf7+ Kd8 17. Bxc6 Qb4 18. Rxd7+ Bxd7 19. Qxd7# {
chesskeats checkmated} 1-0

[Event "ICS rated blitz match"]
[Site "204.178.125.65"]
[Date "2001.01.25"]
[Round "?"]
[White "chesskeats"]
[Black "Hossa"]
[Result "0-1"]
[WhiteElo "1971"]
[BlackElo "2491"]
[PlyCount "40"]
[EventDate "2001.??.??"]

1. e4 c6 2. Nf3 d5 3. exd5 cxd5 4. d4 Nc6 5. Bb5 Qb6 6. Nc3 Nf6 7. Ne5 Bf5 8.
g4 Be6 9. f4 g6 10. f5 gxf5 11. g5 Ne4 12. Bxc6+ bxc6 13. Nxe4 dxe4 14. O-O
O-O-O 15. c3 f6 16. gxf6 exf6 17. Bf4 Rg8+ 18. Kh1 fxe5 19. Bxe5 Qxb2 20. Rg1
e3 {chesskeats resigns} 0-1

[Event "ICS rated blitz match"]
[Site "204.178.125.65"]
[Date "2001.01.25"]
[Round "?"]
[White "Hossa"]
[Black "mambrino"]
[Result "1-0"]
[WhiteElo "2493"]
[BlackElo "2032"]
[PlyCount "63"]
[EventDate "2001.??.??"]

1. d4 d6 2. c4 g6 3. Nc3 Nd7 4. e4 Bg7 5. b4 e5 6. Nf3 Ne7 7. d5 f5 8. Bd3 Nf6
9. O-O O-O 10. Ng5 h6 11. Ne6 Bxe6 12. dxe6 c6 13. exf5 gxf5 14. Bc2 Ne8 15.
Qh5 Rf6 16. Bb2 Qc8 17. f4 Qxe6 18. fxe5 dxe5 19. Bb3 Kh7 20. c5 Nd5 21. Nxd5
cxd5 22. Bc2 e4 23. Bxf6 Bxf6 24. Rad1 Ng7 25. Qe2 d4 26. Qf2 d3 27. Bb3 Qd7
28. Kh1 Re8 29. Qd2 Bg5 30. Qc3 a6 31. a4 Bf6 32. Qxf6 {mambrino resigns} 1-0

[Event "ICS rated blitz match"]
[Site "204.178.125.65"]
[Date "2001.01.25"]
[Round "?"]
[White "mambrino"]
[Black "Hossa"]
[Result "0-1"]
[WhiteElo "2028"]
[BlackElo "2495"]
[PlyCount "50"]
[EventDate "2001.??.??"]

1. e4 e6 2. d3 c5 3. Qe2 Nc6 4. Nf3 d5 5. g3 Qa5+ 6. Nbd2 Nb4 7. Qd1 c4 8. Be2
Nf6 9. O-O cxd3 10. cxd3 Qc7 11. Nd4 e5 12. a3 Bh3 13. Re1 dxe4 14. axb4 exd4
15. Nxe4 Nxe4 16. Bf3 Be7 17. Rxe4 Qd7 18. Qe2 Be6 19. Bd2 O-O 20. Re1 Rfe8 21.
Bg2 Rac8 22. Qh5 Rc2 23. Bc1 Bxb4 24. Rd1 Rec8 25. Bf4 Bg4 {mambrino resigns}
0-1

[Event "ICS rated blitz match"]
[Site "204.178.125.65"]
[Date "2001.01.25"]
[Round "?"]
[White "Hossa"]
[Black "GSG"]
[Result "1-0"]
[WhiteElo "2497"]
[BlackElo "2002"]
[PlyCount "53"]
[EventDate "2001.??.??"]

1. d4 Nf6 2. Bg5 Ne4 3. Bf4 g5 4. Bc1 h6 5. f3 Nd6 6. e4 Bg7 7. c4 c5 8. dxc5
Qa5+ 9. Nd2 Qxc5 10. Nb3 Qc6 11. c5 Nb5 12. Bc4 e6 13. e5 Bxe5 14. Qe2 Bg7 15.
Bxb5 Qc7 16. Be3 a6 17. Bd3 Nc6 18. Rd1 a5 19. Bb5 a4 20. Nc1 Ne5 21. Nh3 a3
22. b3 O-O 23. O-O f5 24. Bd4 f4 25. Rfe1 Ng6 26. Bxg7 Kxg7 27. Nf2 {
GSG resigns} 1-0

[Event "ICS Rated standard match"]
[Site "204.178.125.65"]
[Date "2001.01.25"]
[Round "?"]
[White "twixer"]
[Black "Hossa"]
[Result "1-0"]
[WhiteElo "2486"]
[BlackElo "2323"]
[PlyCount "109"]
[EventDate "2001.??.??"]

1. Nf3 Nf6 2. c4 e6 3. d4 b6 4. a3 Be7 5. Nc3 d5 6. cxd5 exd5 7. Bf4 O-O 8. e3
Nh5 9. Bd3 Nxf4 10. exf4 Bd6 11. O-O Bb7 12. Qc2 h6 13. g3 c5 14. Bh7+ Kh8 15.
Bf5 g6 16. Bh3 Nc6 17. dxc5 Bxc5 18. b4 Be7 19. Qd3 Bf6 20. Rad1 Ne7 21. Ne5
Bxe5 22. fxe5 Qc7 23. Qe3 g5 24. Nb5 Qc6 25. Nd4 Qg6 26. Rc1 Bc8 27. Bg2 Rd8
28. Qd2 Qg7 29. Qe2 Bd7 30. Rc7 Nf5 31. Qd3 Ne7 32. Re1 Rac8 33. Rxa7 Ra8 34.
Rb7 Rab8 35. Qa6 Qg6 36. Rxb8 Rxb8 37. Qa7 Rd8 38. Qc7 Qg8 39. e6 fxe6 40. Bf1
Ng6 41. Bd3 e5 42. Bxg6 Ra8 43. Bc2 Qg7 44. Rxe5 Rc8 45. Qd6 Bh3 46. Re7 Rxc2
47. Nxc2 Bf5 48. Rxg7 Kxg7 49. Ne3 Bb1 50. Qe7+ Kg6 51. Ng4 d4 52. Qf6+ Kh7 53.
Qf7+ Kh8 54. Nf6 Bf5 55. Qf8# {Hossa checkmated} 1-0

[Event "ICS rated blitz match"]
[Site "204.178.125.65"]
[Date "2001.01.25"]
[Round "?"]
[White "Hossa"]
[Black "petrus"]
[Result "1-0"]
[WhiteElo "2500"]
[BlackElo "1934"]
[PlyCount "53"]
[EventDate "2001.??.??"]

1. d4 d5 2. Nf3 Bf5 3. e3 e6 4. Nc3 Nf6 5. Bd3 Bxd3 6. cxd3 c5 7. Qb3 cxd4 8.
Qxb7 Nbd7 9. Nb5 Rc8 10. O-O Be7 11. Qxa7 O-O 12. Qxd4 Bc5 13. Qf4 Qb6 14. a4
Rfe8 15. b4 Be7 16. Bb2 Rc2 17. Rfb1 Bf8 18. Ne1 Rcc8 19. Bd4 Qb7 20. Nf3 e5
21. Nxe5 Nxe5 22. Bxe5 Qc6 23. Na7 Qe6 24. Bxf6 Qxf6 25. Qxf6 gxf6 26. Nxc8
Rxc8 27. a5 {petrus resigns} 1-0

[Event "ICS rated blitz match"]
[Site "204.178.125.65"]
[Date "2001.01.25"]
[Round "?"]
[White "Hossa"]
[Black "Sofie"]
[Result "1-0"]
[WhiteElo "2501"]
[BlackElo "2020"]
[PlyCount "65"]
[EventDate "2001.??.??"]

1. e4 c6 2. d4 d5 3. exd5 cxd5 4. Bd3 Nf6 5. c3 e6 6. Be3 Be7 7. Nf3 O-O 8. O-O
b6 9. Qe2 a5 10. Ne5 Qc7 11. Nd2 Ba6 12. Bxa6 Nxa6 13. Bg5 Rfe8 14. Rfe1 Nb8
15. Nxf7 Kxf7 16. Qxe6+ Kf8 17. Bxf6 gxf6 18. Qxd5 Qc6 19. Qh5 Bd6 20. Qxh7 Qd7
21. Qh8+ Kf7 22. Qh5+ Kf8 23. Qf3 Nc6 24. Qxf6+ Kg8 25. Rxe8+ Rxe8 26. Qg6+ Kf8
27. Qh6+ Kg8 28. Ne4 Be7 29. Qg6+ Kh8 30. d5 Ne5 31. Qh5+ Kg7 32. Qxe5+ Kh7 33.
Re1 {Sofie resigns} 1-0

[Event "ICS rated blitz match"]
[Site "204.178.125.65"]
[Date "2001.01.25"]
[Round "?"]
[White "SlickMick"]
[Black "Hossa"]
[Result "0-1"]
[WhiteElo "1906"]
[BlackElo "2505"]
[PlyCount "38"]
[EventDate "2001.??.??"]

1. e4 e6 2. d4 d5 3. Nc3 Nf6 4. Bg5 dxe4 5. Nxe4 Be7 6. Bxf6 gxf6 7. Nf3 f5 8.
Ng3 Qd6 9. Bd3 Qb4+ 10. c3 Qxb2 11. O-O Qxc3 12. Rc1 Qa5 13. Re1 Qxa2 14. Rxc7
Nc6 15. Ne5 Bd8 16. Rxf7 Nxe5 17. Rxe5 Kxf7 18. Qh5+ Kg7 19. d5 Qa1+ {
SlickMick resigns} 0-1

[Event "ICS rated blitz match"]
[Site "204.178.125.65"]
[Date "2001.01.25"]
[Round "?"]
[White "Hossa"]
[Black "Tooth"]
[Result "1-0"]
[WhiteElo "2506"]
[BlackElo "2104"]
[PlyCount "43"]
[EventDate "2001.??.??"]

1. d4 d5 2. c4 c6 3. Nc3 Nf6 4. e3 Bf5 5. cxd5 cxd5 6. Bd3 Bxd3 7. Qxd3 Nc6 8.
Bd2 a6 9. Nf3 e6 10. O-O Be7 11. e4 dxe4 12. Nxe4 O-O 13. Rac1 Rc8 14. Rc4 Nd5
15. Rfc1 Bf6 16. Neg5 Bxg5 17. Nxg5 g6 18. Qh3 h5 19. Qd3 Qf6 20. Ne4 Qd8 21.
Nc5 Qe7 22. Nxa6 {Tooth resigns} 1-0

[Event "ICS rated standard match"]
[Site "204.178.125.65"]
[Date "2001.01.25"]
[Round "?"]
[White "achapman"]
[Black "Hossa"]
[Result "0-1"]
[WhiteElo "1935"]
[BlackElo "2314"]
[PlyCount "110"]
[EventDate "2001.??.??"]

1. e4 e6 2. d4 d6 3. Nf3 d5 4. e5 c5 5. c3 cxd4 6. cxd4 Nc6 7. Nc3 Bd7 8. Bd3
Qb6 9. Na4 Bb4+ 10. Bd2 Bxd2+ 11. Qxd2 Qb4 12. Nc5 Qxd2+ 13. Kxd2 Bc8 14. Rhe1
Nge7 15. Rac1 O-O 16. Ke2 b6 17. Na6 Bb7 18. Kf1 Rac8 19. Rc3 Nf5 20. Bxf5
Bxa6+ 21. Bd3 Bxd3+ 22. Rxd3 Nb4 23. Rd2 Nxa2 24. Ra1 Rc1+ 25. Rxc1 Nxc1 26.
Rc2 Nd3 27. Ke2 Nf4+ 28. Kf1 h6 29. g3 Nd3 30. Ke2 Nb4 31. Rc7 Ra8 32. Rb7 Rc8
33. Ne1 Rc4 34. Rxa7 Nc6 35. Rb7 Nxd4+ 36. Kd3 b5 37. Rb8+ Kh7 38. f4 b4 39. h4
Nf5 40. Nc2 Nxg3 41. Rxb4 Rxb4 42. Nxb4 Kg6 43. Nc6 Kf5 44. b4 Kxf4 45. b5 Ne4
46. Kd4 Nd2 47. b6 Nb3+ 48. Kc3 Nc5 49. Kb4 Nb7 50. Kb5 g5 51. Na5 gxh4 52.
Nxb7 h3 53. Nd6 h2 54. b7 h1=Q 55. b8=Q Qb1+ {achapman resigns} 0-1

[Event "ICS rated blitz match"]
[Site "204.178.125.65"]
[Date "2001.01.25"]
[Round "?"]
[White "Hossa"]
[Black "Emrekid"]
[Result "1-0"]
[WhiteElo "2512"]
[BlackElo "2530"]
[PlyCount "33"]
[EventDate "2001.??.??"]

1. d4 Nf6 2. Bg5 Ne4 3. Bf4 c5 4. f3 Qa5+ 5. Nd2 Nf6 6. c3 cxd4 7. Nb3 Qf5 8.
Bxb8 Rxb8 9. Qxd4 b6 10. e4 Qg5 11. e5 Ng8 12. Nh3 Qg6 13. O-O-O e6 14. Bb5 Rb7
15. Ba6 d5 16. Bxb7 Bxb7 17. Qa4+ {Emrekid resigns} 1-0

[Event "ICS rated blitz match"]
[Site "204.178.125.65"]
[Date "2001.01.25"]
[Round "?"]
[White "krahs2"]
[Black "Hossa"]
[Result "0-1"]
[WhiteElo "2012"]
[BlackElo "2544"]
[PlyCount "57"]
[EventDate "2001.??.??"]

1. Nf3 d5 2. g3 Bg4 3. Bg2 Nd7 4. O-O e5 5. d3 Bc5 6. Nbd2 Ne7 7. c4 O-O 8. a3
c6 9. b4 Bd6 10. Rb1 Qb8 11. b5 Qc7 12. a4 cxb5 13. axb5 Rfe8 14. cxd5 Nxd5 15.
Ne4 Bb4 16. Bd2 Bxd2 17. Qxd2 a5 18. bxa6 Rxa6 19. Rb5 Qc6 20. Rfb1 f5 21. Neg5
e4 22. dxe4 Nc3 23. Rxb7 fxe4 24. Nd4 Nxb1 25. Nxc6 Nxd2 26. h3 Rxc6 27. hxg4
Rc1+ 28. Kh2 Nf6 29. Rb2 {krahs2 resigns} 0-1

[Event "ICS rated blitz match"]
[Site "204.178.125.65"]
[Date "2001.01.25"]
[Round "?"]
[White "Hossa"]
[Black "krahs2"]
[Result "1-0"]
[WhiteElo "2545"]
[BlackElo "2011"]
[PlyCount "49"]
[EventDate "2001.??.??"]

1. d4 Nf6 2. Bg5 Ne4 3. Bf4 d5 4. Nd2 Nf6 5. e3 c6 6. Bd3 Bg4 7. f3 Bh5 8. Ne2
e6 9. O-O Bd6 10. Bxd6 Qxd6 11. c4 Nbd7 12. cxd5 exd5 13. Qc2 Bg6 14. e4 dxe4
15. Nc4 Qe7 16. fxe4 O-O 17. e5 Nd5 18. Bxg6 hxg6 19. Qb3 N7b6 20. Nd6 Rab8 21.
Qg3 Nd7 22. Nf4 Nxf4 23. Rxf4 c5 24. Raf1 f6 25. Qb3+ {krahs2 resigns} 1-0

[Event "ICS rated blitz match"]
[Site "204.178.125.65"]
[Date "2001.01.25"]
[Round "?"]
[White "krahs2"]
[Black "Hossa"]
[Result "1/2-1/2"]
[WhiteElo "2010"]
[BlackElo "2546"]
[PlyCount "126"]
[EventDate "2001.??.??"]

1. Nf3 Nf6 2. g3 b5 3. Bg2 Bb7 4. O-O e6 5. d3 d5 6. Nbd2 Bd6 7. c3 c5 8. Qc2
Nc6 9. e4 O-O 10. Re1 Qc7 11. Nf1 dxe4 12. dxe4 Ng4 13. h3 Nge5 14. Nxe5 Nxe5
15. f4 Ng6 16. e5 Be7 17. h4 Bxg2 18. Qxg2 Rfd8 19. h5 Nf8 20. Be3 f6 21. exf6
Bxf6 22. Nh2 a5 23. Ng4 Rd5 24. h6 Rad8 25. Nxf6+ gxf6 26. Qh3 Qc6 27. Qg4+ Ng6
28. Bf2 e5 29. f5 Qd7 30. a4 b4 31. cxb4 axb4 32. a5 Kh8 33. a6 Rg8 34. a7 Ra8
35. Qe4 Ne7 36. Ra6 Nc6 37. Rea1 Rxa7 38. Rxa7 Nxa7 39. Qg4 Rd6 40. Qg7+ Qxg7
41. hxg7+ Kxg7 42. Rxa7+ Kg8 43. Bxc5 Rd1+ 44. Kf2 Rd2+ 45. Kf3 Rxb2 46. Be7
Rb3+ 47. Kg4 h5+ 48. Kh4 Rf3 49. Bxf6 Rxf5 50. Bg5 Rf3 51. Kxh5 Rxg3 52. Kg6
Rf3 53. Ra8+ Rf8 54. Ra1 Rb8 55. Rh1 Rb6+ 56. Bf6 Rxf6+ 57. Kxf6 b3 58. Rb1 Kf8
59. Rxb3 Ke8 60. Re3 Kd7 61. Rxe5 Kd6 62. Kf5 Kd7 63. Re6 Kd8 {
krahs2 ran out of time and Hossa has no material to mate} 1/2-1/2

[Event "ICS rated blitz match"]
[Site "204.178.125.65"]
[Date "2001.01.25"]
[Round "?"]
[White "krahs2"]
[Black "Hossa"]
[Result "0-1"]
[WhiteElo "2012"]
[BlackElo "2533"]
[PlyCount "84"]
[EventDate "2001.??.??"]

1. Nf3 Nf6 2. g3 b5 3. Bg2 Bb7 4. O-O e6 5. d4 Be7 6. c3 O-O 7. Nbd2 c5 8. Re1
d6 9. e4 Nbd7 10. Qe2 a6 11. e5 dxe5 12. dxe5 Nd5 13. Ne4 Qc7 14. Neg5 h6 15.
Nh3 Rfd8 16. Bf4 g5 17. Nfxg5 Nxf4 18. gxf4 Bxg2 19. Kxg2 hxg5 20. Qg4 Qc6+ 21.
Kg1 f5 22. exf6 Nxf6 23. Qxe6+ Qxe6 24. Rxe6 g4 25. Ng5 Kf8 26. Rae1 Ra7 27.
Rb6 Rd2 28. Rb8+ Kg7 29. Ne6+ Kg6 30. Re5 Rxb2 31. f5+ Kh7 32. Ng5+ Kh6 33. Ne6
Bd6 34. Rh8+ Rh7 35. Rxh7+ Nxh7 36. Re4 Nf6 37. Re3 Rxa2 38. Rd3 Ne4 39. Re3
Nxf2 40. Nd8 Bxh2+ 41. Kf1 g3 42. Re6+ Kg5 {krahs2 resigns} 0-1

[Event "ICS rated blitz match"]
[Site "204.178.125.65"]
[Date "2001.01.25"]
[Round "?"]
[White "krahs2"]
[Black "Hossa"]
[Result "0-1"]
[WhiteElo "2009"]
[BlackElo "2536"]
[PlyCount "72"]
[EventDate "2001.??.??"]

1. Nf3 Nf6 2. g3 b5 3. Bg2 Bb7 4. O-O e6 5. d3 d5 6. Nc3 b4 7. Na4 Bd6 8. c4
dxc4 9. dxc4 Nbd7 10. b3 O-O 11. Bb2 Qe7 12. Rc1 Rfd8 13. Rc2 Bc6 14. Qa1 Bxa4
15. bxa4 e5 16. e3 e4 17. Nd4 Rf8 18. Rd1 Qe5 19. Nc6 Qc5 20. Nd4 Rfd8 21. Nb3
Qc6 22. c5 Be7 23. Nd4 Qxa4 24. Rdc1 Nb8 25. Nf5 Qd7 26. Nxe7+ Qxe7 27. Bxf6
gxf6 28. Rc4 f5 29. Rxb4 Nc6 30. Rb7 Rd2 31. a4 Rad8 32. h4 Ne5 33. Rxa7 Ng4
34. Rf1 Qxc5 35. Rb7 Nxf2 36. Rxf2 Qxe3 {krahs2 resigns} 0-1

[Event "ICS rated blitz match"]
[Site "204.178.125.65"]
[Date "2001.01.25"]
[Round "?"]
[White "Hossa"]
[Black "seahead"]
[Result "1-0"]
[WhiteElo "2537"]
[BlackElo "2037"]
[PlyCount "27"]
[EventDate "2001.??.??"]

1. d4 Nf6 2. Bg5 d5 3. Bxf6 gxf6 4. e3 e6 5. c4 a6 6. Nc3 c6 7. Qh5 f5 8. Nf3
Nd7 9. Ng5 Qf6 10. cxd5 cxd5 11. Bd3 Bh6 12. Nxf7 Qg6 13. Qxg6 hxg6 14. Nxh8 {
seahead resigns} 1-0